Normal view
MARC view
- الجاسوسية- اسرائيل، الجواسيس الاسرائيليون- تراجم
Entry Topical Term
001 - CONTROL NUMBER
- control field: 38131
003 - CONTROL NUMBER IDENTIFIER
- control field: JO-AjAnu
005 - DATE AND TIME OF LATEST TRANSACTION
- control field: 20230606080343.0
008 - FIXED-LENGTH DATA ELEMENTS
- fixed length control field: 230606|| aca||aabn | a|a d
040 ## - CATALOGING SOURCE
- Original cataloging agency: JO-AjAnu
- Transcribing agency: JO-AjAnu
150 ## - HEADING--TOPICAL TERM
- Topical term or geographic name entry element: الجاسوسية- اسرائيل، الجواسيس الاسرائيليون- تراجم
670 ## - SOURCE DATA FOUND
- Source citation: Work cat.: (JO-AjAnu)19562: دار المؤلف, author 38130, أرض الأكاذيب: القصة المثيرة لجاسوس إسرائيل الأميركي اليهودي يوناثان جي بولارد